Municípios da Região Metropolitana do Rio de Janeiro (RJ) no mapa - Statistics

Estatísticas Gerais
  • Esse quiz foi jogado 812 vezes
  • A pontuação média é 15 de 22
Respostas no mapa
Respostas codificadas por cores de uma escala verde-vermelha no mapa do quiz de acordo com a % correta abaixo.
 
Estatísticas das Respostas
Município % Correto
Rio de Janeiro
99%
Niterói
97%
São Gonçalo
92%
Duque de Caxias
89%
Nova Iguaçu
85%
Belford Roxo
84%
Petrópolis
77%
Magé
76%
Nilópolis
74%
São João de Meriti
73%
Maricá
68%
Mesquita
63%
Queimados
62%
Itaboraí
60%
Seropédica
59%
Itaguaí
55%
Japeri
47%
Guapimirim
45%
Rio Bonito
40%
Paracambi
37%
Tanguá
36%
Cachoeiras de Macacu
35%
Nenhum quiz correspondente encontrado
Distribuição das Pontuações
Porcentagem de Pessoas com Cada Pontuação
Percentil de Números Respondidos
Sua Pontuação Histórica
Você não jogou esse quiz